Del movimiento de Jesús a la iglesia cristiana : ensayo de exégesis sociológica del cristianismo primitivo /
Uloženo v:
| Hlavní autor: | |
|---|---|
| Médium: | Neznámo |
| Jazyk: | Spanish |
| Vydáno: |
Islas Canarias, España :
Desclee de Brouwer, S.A.,
1987.
|
| Témata: | |
| Tagy: |
Přidat tag
Žádné tagy, Buďte první, kdo vytvoří štítek k tomuto záznamu!
|
MARC
| LEADER | 000000000a22000000004500 | ||
|---|---|---|---|
| 001 | 008308 | ||
| 020 | |a 8433006959 | ||
| 041 | 0 | |a spa | |
| 082 | 0 | 4 | |a 270 |b A284d |
| 100 | 1 | |a Aguirre, Rafael | |
| 245 | 1 | 0 | |a Del movimiento de Jesús a la iglesia cristiana : |b ensayo de exégesis sociológica del cristianismo primitivo / |c Rafael Aguirre. |
| 260 | 1 | |a Islas Canarias, España : |b Desclee de Brouwer, S.A., |c 1987. | |
| 300 | |a 46 páginas | ||
| 650 | 4 | |a CRISTIANISMO | |
| 650 | 4 | |a SIGLO I | |
| 650 | 4 | |a IGLESIA | |
| 650 | 4 | |a HISTORIA DE LOS PRIMEROS TIEMPOS | |
| 650 | 4 | |a BIBLIA | |
| 650 | 4 | |a NUEVO TESTAMENTO | |
| 650 | 4 | |a CRITICA E INTERPRETACION | |
| 650 | 4 | |a JESUCRISTO | |
| 650 | 4 | |a ANTROPOLOGIA SOCIAL | |
| 650 | 4 | |a INVESTIGACIONES HISTORICAS | |
| 999 | |c 13892 |d 13892 | ||
| 942 | |c BK |h 270 A284d |2 z | ||



